| 000 | 00473nam a22001817a 4500 | ||
|---|---|---|---|
| 999 |
_c526292 _d526292 |
||
| 003 | NUST | ||
| 005 | 20190710072028.0 | ||
| 038 | _aFaiza | ||
| 082 |
_a891.421 _bCHI |
||
| 100 |
_aChishti, Muhammad Munir _917269 |
||
| 245 |
_aIsaq Aag / _c Muhammad Munir Chishti |
||
| 260 |
_aLahore: _bMaqsood Publishers, _c2007. |
||
| 300 | _a112p. ; | ||
| 500 | _aHard Cover | ||
| 880 |
_6100-01\r _aمحمد منیر چشتی |
||
| 880 |
_6245-02\r _a/ عشق اگ |
||
| 942 |
_2ddc _cBK |
||